00268nam a2200109Ia 4500008004100000245004800041260001600089440000600105521002300111942000700134999001700141140130s9999 xx 000 0 und d cDavis, KennethaDon't know much - dinosaurs bScholastic, v1 aGrade 7 - Grade 12 cBK c41330d41330